00466nam a22001457a 4500020001400000082001200014100001800026245008000044260003700124300000800161650001200169942000700181952011500188999001700303 a670261548 a823 MIL aMiller Arthur aDeath of a Salesman: Certain Private Conversation in two acts and a Requiem aNew YorkbThe Viking Pressc1975 a139 aFiction cBK 00104070aHMIbHMId2015-09-09eDr. Andreas D' souzag0.00l0o823 MILp11-2417r2015-09-09w2015-09-09yGSB c19699d19699